000 00372nam a22001217a 4500
008 160726b xxu||||| |||| 00| 0 eng d
050 _aBF1729.H66 1971
100 _aKarlen, Arno
_924451
245 _aSexuality and homosexuality
_b: a new view
_c/ Arno Karlen
260 _aNew York
_bW.W. Norton & Company
_c1971
300 _axx, 666p. ;
_c20cm.
942 _2lcc
_cMONOGRAPH
999 _c124809
_d124809